27-大阪府の市町村クイズ(1999年) - Statistics

General Stats
  • This quiz has been taken 139 times
  • The average score is 33 of 44
Answers on the Map
Answers color-coded by a green-red scale on the quiz's map according to % correct below.
 
Answer Stats
Answer % Correct
大阪おおさか
91%
池田いけだ
89%
茨木いばらき
86%
さかい
86%
島本しまもとちょう
84%
豊能とよのちょう
84%
河内長野かわちながの
82%
高槻たかつき
81%
吹田すいた
80%
東大阪ひがしおおさか
80%
みさきちょう
80%
摂津せっつ
78%
豊中とよなか
78%
箕面みのお
78%
泉佐野いずみさの
77%
能勢のせちょう
77%
枚方ひらかた
77%
交野かたの
76%
熊取くまとりちょう
76%
大東だいとう
76%
大阪狭山おおさかさやま
74%
門真かどま
74%
岸和田きしわだ
74%
千早赤阪ちはやあかさかむら
74%
守口もりぐち
74%
柏原かしわら
73%
四條畷しじょうなわて
73%
寝屋川ねやがわ
73%
和泉いずみ
72%
八尾やお
72%
泉大津いずみおおつ
70%
河南かなんちょう
70%
高石たかいし
70%
阪南はんなん
70%
田尻たじりちょう
69%
太子たいしちょう
68%
貝塚かいづか
66%
泉南せんなん
66%
富田林とんだばやし
66%
羽曳野はびきの
66%
松原まつばら
66%
忠岡ただおかちょう
65%
藤井寺ふじいでら
65%
美原みはらちょう
58%
No matching quizzes found
Score Distribution
Percent of People with Each Score
Percentile by Number Answered
Your Score History
You have not taken this quiz